<?xml version="1.0" encoding="UTF-8"?>
<record
    xmlns:xsi="http://www.w3.org/2001/XMLSchema-instance"
    xsi:schemaLocation="http://www.loc.gov/MARC21/slim http://www.loc.gov/standards/marcxml/schema/MARC21slim.xsd"
    xmlns="http://www.loc.gov/MARC21/slim">

  <leader>00332nam a22001457a 4500</leader>
  <datafield tag="020" ind1=" " ind2=" ">
    <subfield code="a">978-626-96747-5-6</subfield>
  </datafield>
  <datafield tag="050" ind1=" " ind2=" ">
    <subfield code="a">078</subfield>
  </datafield>
  <datafield tag="060" ind1=" " ind2=" ">
    <subfield code="a">078</subfield>
  </datafield>
  <datafield tag="082" ind1=" " ind2=" ">
    <subfield code="a">078</subfield>
  </datafield>
  <datafield tag="100" ind1=" " ind2=" ">
    <subfield code="a">&#x5442;&#x6BD3;&#x537F;</subfield>
  </datafield>
  <datafield tag="245" ind1=" " ind2=" ">
    <subfield code="a">&#x6211;&#x5011;&#x7684;&#x6587;&#x5B78;&#x5922; 13</subfield>
    <subfield code="h">&#x6587;&#x5B78;</subfield>
  </datafield>
  <datafield tag="250" ind1=" " ind2=" ">
    <subfield code="a">&#x521D;&#x7248;</subfield>
  </datafield>
  <datafield tag="260" ind1=" " ind2=" ">
    <subfield code="a">&#x81FA;&#x5317;&#x5E02;</subfield>
    <subfield code="b">&#x4E0A;&#x6D77;&#x5546;&#x9280;&#x6587;&#x6559;&#x57FA;&#x91D1;&#x6703;</subfield>
    <subfield code="c">2025.05</subfield>
  </datafield>
  <datafield tag="942" ind1=" " ind2=" ">
    <subfield code="2">ccl</subfield>
    <subfield code="c">BOOK</subfield>
  </datafield>
  <datafield tag="999" ind1=" " ind2=" ">
    <subfield code="c">7638</subfield>
    <subfield code="d">7638</subfield>
  </datafield>
  <datafield tag="952" ind1=" " ind2=" ">
    <subfield code="0">0</subfield>
    <subfield code="1">0</subfield>
    <subfield code="2">ccl</subfield>
    <subfield code="4">0</subfield>
    <subfield code="7">0</subfield>
    <subfield code="a">yeezen</subfield>
    <subfield code="b">yeezen</subfield>
    <subfield code="c">YEEZEN</subfield>
    <subfield code="d">2025-06-06</subfield>
    <subfield code="l">0</subfield>
    <subfield code="o">078</subfield>
    <subfield code="p">C03224</subfield>
    <subfield code="r">2025-06-06 00:00:00</subfield>
    <subfield code="w">2025-06-06</subfield>
    <subfield code="y">BOOK</subfield>
    <subfield code="z">&#x7531;&#x4E0A;&#x6D77;&#x5546;&#x696D;&#x5132;&#x84C4;&#x9280;&#x884C;&#x6587;&#x6559;&#x57FA;&#x91D1;&#x6703;&#x8207;&#x7D00;&#x5DDE;&#x5EB5;&#x6587;&#x5B78;&#x68EE;&#x6797;&#x5171;&#x540C; &#x4E3B;&#x8FA6;&#x7684;&#x300C;&#x6211;&#x5011;&#x7684;&#x6587;&#x5B78;&#x5922;&#x300D;&#x7CFB;&#x5217;&#x8B1B;&#x5EA7;,&#x65BC;2012&#x5E74;&#x8D77;,&#x6BCF;&#x500B;&#x6708; &#x9080;&#x8ACB;&#x4E00;&#x4F4D;&#x4F5C;&#x5BB6;&#x6F14;&#x8B1B;,&#x5E36;&#x4F86;&#x7CBE;&#x91C7;&#x591A;&#x5143;&#x7684;&#x66F8;&#x5BEB;&#x8207;&#x5922;&#x60F3;&#x7684;&#x6545;&#x4E8B;&#x3002;</subfield>
  </datafield>
</record>
